| 000 | 00900nam a2200253 i 4500 | ||
|---|---|---|---|
| 003 | DO-SdBNP | ||
| 005 | 20260528120703.0 | ||
| 007 | ta | ||
| 008 | 240904b1992 dr a|||| |||| 00| 0 spa d | ||
| 040 |
_aDO-SdBNP _bspa _cBNPHU _erda |
||
| 041 | _aspa | ||
| 082 | 4 |
_axxx _bxxx _222 |
|
| 100 | 1 |
_aHenríquez Ureña, Pedro, _d1884-1946 _eautor _4aut. _91718 |
|
| 245 | 1 | 0 |
_aManual de historia crítica dominicana 1865-1965 / _cJuan Francisco Martínez Almánzar |
| 264 | 4 |
_aSanto Domingo : _bCentro de Adiestramiento e Investigación Social; _bAsociación de Excursionistas Académicos, _c@1992. |
|
| 300 |
_avolumenes ; _c21 cm. |
||
| 336 |
_atexto _btxt _2rdacontent |
||
| 337 |
_asin mediación _bn _2rdamedia |
||
| 338 |
_avolumen _bnc _2rdacarrier |
||
| 500 | _aIncluye datos biográficos del autor en la contracubierta | ||
| 590 | _aInventariado, 2024/BT | ||
| 910 | _aBtavárez | ||
| 942 |
_2ddc _cLBS1 |
||
| 999 |
_c57629 _d57629 |
||